| 000 | 00360nam a22001577a 4500 | ||
|---|---|---|---|
| 003 | SGT | ||
| 020 | _a9788178298689 | ||
| 082 | _a658.80954,JAI | ||
| 100 | _aJAIN, GAUTAM RAJ | ||
| 245 | _aMARKETING COMMUNICATIONS INDUTRY | ||
| 250 | _a1ST | ||
| 260 |
_aNEW DELHI _bRESPONCE BOOKS _c2008 |
||
| 300 | _a189 | ||
| 650 | _aMARKING MANAGEMENT | ||
| 942 |
_2ddc _cFCM |
||
| 999 |
_c9539 _d9539 |
||